Literature across cultures

محفوظ في:
التفاصيل البيبلوغرافية
المؤلف الرئيسي: Sheena Gillespie
التنسيق: كتاب
اللغة:Undetermined
منشور في: Boston, MA Allyn and Bacon 1994
الموضوعات:
الوسوم: إضافة وسم
لا توجد وسوم, كن أول من يضع وسما على هذه التسجيلة!
Thư viện lưu trữ: Trung tâm Học liệu Trường Đại học Cần Thơ
LEADER 00529nam a2200193Ia 4500
001 CTU_59075
008 210402s9999 xx 000 0 und d
082 |a 808.8 
082 |b G478 
100 |a Sheena Gillespie 
245 0 |a Literature across cultures 
245 0 |c Sheena Gillespie, Therezinha Fonseca and Carol Sanger 
260 |a Boston, MA 
260 |b Allyn and Bacon 
260 |c 1994 
650 |a literature 
650 |x collections 
904 |i Minh 
980 |a Trung tâm Học liệu Trường Đại học Cần Thơ